All Lana Del Rey Songs - Statistics

General Stats
  • This quiz has been taken 5,857 times
    2,832 since last reset
  • The average score is 69 of 177
Answer Stats
Album Song % Correct
Born to Die Born to Die
92%
Ultraviolence Ultraviolence
84%
Born to Die Summertime Sadness
83%
The Great Gatsby: Music from Bad Luhrmann's Film Young and Beautiful
80%
Norman F**king Rockwell! Norman F**king Rockwell
79%
Honeymoon Honeymoon
77%
Lust for Life Lust for Life
77%
Born to Die Video Games
75%
Chemtrails Over the Country Club Chemtrails Over the Country Club
73%
Ultraviolence West Coast
71%
Ultraviolence Brooklyn Baby
70%
Born to Die: The Paradise Edition Ride
70%
Born to Die Blue Jeans
69%
Did you know that there's a tunnel under Ocean Blvd Did you know that there's a tunnel under Ocean Blvd
68%
Norman F**king Rockwell! Cinnamon Girl
66%
Lust for Life Love
66%
Lust for Life Cherry
64%
Born to Die Radio
64%
Born to Die Carmen
63%
Born to Die Dark Paradise
63%
Born to Die National Anthem
63%
Did you know that there's a tunnel under Ocean Blvd A&W
62%
Born to Die: The Paradise Edition Cola
62%
Honeymoon Art Deco
61%
Born to Die Diet Mountain Dew
61%
Norman F**king Rockwell! Doin' Time
61%
Norman F**king Rockwell! Happiness Is a Butterfly
60%
Born to Die Off to the Races
60%
Norman F**king Rockwell! Venice B***h
60%
Born to Die Lolita
59%
Honeymoon Salvatore
59%
Ultraviolence Sad Girl
58%
Ultraviolence Pretty When You Cry
57%
Ultraviolence Black Beauty
56%
Norman F**king Rockwell! Mariners Apartment Complex
56%
Blue Banisters Blue Banisters
55%
Did you know that there's a tunnel under Ocean Blvd Peppers
55%
Ultraviolence The Other Woman
54%
From 'Euphoria' - An Original HBO Series Watercolor Eyes
54%
Ultraviolence Florida Kilos
53%
Honeymoon High by the Beach
53%
Did you know that there's a tunnel under Ocean Blvd Let the Light In
53%
Ultraviolence Shades of Cool
53%
Born to Die Million Dollar Man
52%
Born to Die This Is What Makes Us Girls
52%
Ultraviolence Cruel World
51%
Blue Banisters Dealer
51%
Honeymoon Music to Watch Boys To
51%
Norman F**king Rockwell! California
50%
Ultraviolence Old Money
50%
New Single Say Yes to Heaven
50%
Chemtrails Over the Country Club White Dress
50%
Did you know that there's a tunnel under Ocean Blvd Candy Necklace
49%
Born to Die: The Paradise Edition Gods & Monsters
49%
Norman F**king Rockwell! Hope Is a Dangerous Thing for a Woman Like Me to Have - but I Have It
49%
Did you know that there's a tunnel under Ocean Blvd Margaret
49%
Did you know that there's a tunnel under Ocean Blvd The Grants
49%
Kill Kill Yayo
49%
Born to Die: The Paradise Edition American
48%
Ultraviolence F**ked My Way Up to the Top
48%
Did you know that there's a tunnel under Ocean Blvd Sweet
48%
Lust for Life White Mustang
48%
Norman F**king Rockwell! Bartender
47%
Charlie's Angels: Original Motion Picture Soundtrack Don't Call Me Angel
47%
Norman F**king Rockwell! F**k It I Love You
47%
Honeymoon Freak
47%
Norman F**king Rockwell! Love Song
47%
Ultraviolence Money Power Glory
47%
Maleficent (Original Motion Picture Soundtrack) Once Upon a Dream
47%
Did you know that there's a tunnel under Ocean Blvd Paris, Texas
47%
Lust for Life Summer Bummer
47%
Norman F**king Rockwell! The Greatest
46%
Born to Die: The Paradise Edition Blue Velvet
45%
Lust for Life Get Free
45%
Ultraviolence Guns and Roses
45%
Honeymoon Swan Song
45%
Did you know that there's a tunnel under Ocean Blvd Taco Truck x VB
45%
Honeymoon 24
44%
Blue Banisters Arcadia
44%
Blue Banisters Beautiful
44%
Did you know that there's a tunnel under Ocean Blvd Fishtail
44%
Lust for Life 13 Beaches
43%
Lust for Life Heroin
43%
Kill Kill Kill Kill
43%
Born to Die: The Paradise Edition Bel Air
42%
Did you know that there's a tunnel under Ocean Blvd Grandfather please stand on the shoulders of my father while he's deep-sea fishing
42%
Lust for Life Groupie Love
42%
Norman F**king Rockwell! How to Disappear
42%
Born to Die Lucky Ones
42%
Blue Banisters Text Book
42%
Honeymoon The Blackest Day
42%
Born to Die Without You
42%
Born to Die: The Paradise Edition Body Electric
41%
Honeymoon Religion
41%
Chemtrails Over the Country Club Tulsa Jesus Freak
41%
Blue Banisters Thunder
40%
Did you know that there's a tunnel under Ocean Blvd Fingertips
39%
Did you know that there's a tunnel under Ocean Blvd Kintsugi
39%
Honeymoon Terrence Loves You
39%
Norman F**king Rockwell! The Next Best American Record
38%
Lust for Life Beautiful People Beautiful Problems
37%
Blue Banisters Black Bathing Suit
37%
Lust for Life In My Feelings
37%
Born to Die: The Paradise Edition Burning Desire
36%
Lust for Life Coachella - Woodstock in My Mind
36%
Scary Stories to Tell in the Dark (Soundtrack) Season of the Witch
36%
Lust for Life Change
35%
Blue Banisters Cherry Blossom
35%
Honeymoon Don't Let Me Be Misunderstood
34%
Honeymoon God Knows I Tried
34%
Blue Banisters Living Legend
34%
Blue Banisters Sweet Carolina
34%
Blue Banisters Violets for Roses
34%
Chemtrails Over the Country Club Yosemite
34%
Chemtrails Over the Country Club Dark But Just a Game
33%
Lust for Life God Bless America - and All the Beautiful Women in It
33%
Lust for Life Tomorrow Never Came
33%
Blue Banisters Interlude - The Trio
32%
Did you know that there's a tunnel under Ocean Blvd Jon Batiste Interlude
32%
Chemtrails Over the Country Club Let Me Love You Like a Woman
32%
Lust for Life When the World Was at War We Kept Dancing
32%
Chemtrails Over the Country Club For Free
31%
Blue Banisters Wildflower Wildfire
31%
Honeymoon Burnt Norton (Interlude)
30%
Blue Banisters If You Lie Down with Me
30%
Did you know that there's a tunnel under Ocean Blvd Judah Smith Interlude
30%
Chemtrails Over the Country Club Wild at Heart
30%
Chemtrails Over the Country Club Breaking Up Slowly
29%
Chemtrails Over the Country Club Dance Till We Die
29%
Blue Banisters Nectar of the Gods
27%
Lana Del Ray Put Me in a Movie
25%
Ultraviolence Flipside
24%
Chemtrails Over the Country Club Not All Who Wander Are Lost
24%
Ultraviolence Is This Happiness
21%
Single Looking for America
20%
Lana Del Ray For K, Pt. 2
19%
Lana Del Ray Smarty
19%
Lana Del Ray Queen of the Gas Station
18%
Lana Del Ray Mermaid Motel
17%
Kill Kill Gramma (Blue Ribbon Sparkler Trailer Heaven)
15%
Lana Del Ray Pawn Shop Blues
14%
No Kung Fu Jump
13%
Lana Del Ray Brite Lites
12%
Paradise Tropico
11%
Sirens A Star for Nick
10%
From the End Drive By
10%
Sirens Drive By (for K, Part 1)
10%
Blue Madonna God Save Our Young Blood
10%
Violet Bent Backwards Over the Grass LA Who Am I to Love You
9%
Sirens My Momma
9%
Lana Del Ray Oh Say Can You See
9%
Lana Del Ray Raise Me Up (Mississippi South)
9%
From the End Wait
9%
Andrew Lloyd Webber Unmasked: The Platinum Collection You Must Love Me
9%
Sirens Birds of a Feather
8%
Sirens Junkie Pride
8%
Young Like Me Junky Pride
8%
From the End Aviation
7%
From the End Bad Disease
7%
Young Like Me Blizzard
7%
No Kung Fu Get Drunk
7%
Young Like Me More Mountains
7%
Sirens | Young Like Me Move
7%
Sirens Next to Me
7%
Sirens Pretty Baby
7%
From the End Dear Elliot
6%
From the End For You
6%
From the End How Do You Know Me So Well?
6%
Young Like Me In Wendy
6%
No Kung Fu Jimmy Gnecco
6%
From the End Out with a Bang
6%
From the End Peace
6%
Young Like Me There's Nothing to Be Sorry About
6%
From the End Try Tonight
6%
Young Like Me You, Mister
6%
Sirens I'm Indebted to You
2%
No matching quizzes found
Score Distribution
Percent of People with Each Score
Percentile by Number Answered
Your Score History
You have not taken this quiz since the last reset